000
00302nam a2200133Ia 4500
008
231129s1943||||xx |||||||||||||| ||spa||
040
_b
spa
082
_a
F840.92 V434c
100
_a
Velasquez B. Luis Carlos
245
0
_a
Clasicos franceses
260
_c
1943
264
_a
Centro
942
_2
ddc
_c
BKS
999
_c
7073
_d
7073